Polyfunkčné centrum - Nová Mýtna, Bratislava

Saved in:
Bibliographic Details
Main Author: Kaňa, Tomáš, 1985- (Author)
Other Authors: Prokopčáková, Katarína, 1959- (Thesis advisor)
Format: Manuscript Book
Language:Slovak
Published: Bratislava : STU v Bratislave SvF, 2011
Subjects:
Online Access:VAIS
Tags: Add Tag
No Tags, Be the first to tag this record!

MARC

LEADER 00000ntm a22000003a 4500
001 stu230267
005 20150617230139.7
008 110708s2011----xo------------------slo-d
040 |a STU  |b slo 
041 0 |a slo 
044 |a xo 
100 1 |a Kaňa, Tomáš,  |d 1985-  |4 aut  |u V  |T SvF Stavebná fakulta  |X 27849  |U V  |Y 10  |7 A000027849 
242 0 0 |a polyfunctional center - Nová Mýtna, Bratislava  |y eng 
245 1 |a Polyfunkčné centrum - Nová Mýtna, Bratislava 
260 |a Bratislava :  |b STU v Bratislave SvF,  |c 2011 
650 7 |a technológia stavieb  |2 stusub 
650 7 |a Building Technology  |2 estusub 
650 7 |a zdvíhacie zariadenia  |2 stusub 
650 7 |a zariadenie staveniska  |2 stusub 
700 1 |a Prokopčáková, Katarína,  |d 1959-  |4 ths  |u V270  |U SvF Stavebná fakulta  |T SvF Katedra technológie stavieb  |X 854  |U V270  |Y 28  |7 A000000854 
856 4 |a info a plný text  |u http://is.stuba.sk/zp/portal_zp.pl?podrobnosti=76598  |3 VAIS